লোডিং...

Annual scientific report of the live stock production research (pigs) for the year 1975

গ্রন্থ-পঞ্জীর বিবরন
প্রধান লেখক: ICAR
ভাষা:Undetermined
প্রকাশিত: Indian vetinary science research institute 1975
Izatnagar
LEADER 00631nam a2200205Ia 4500
008 141122s9999 xx 000 0 und d
040 |c . 
041 |a English 
082 |a 636 
082 |b ICA/AN 
100 |a  ICAR 
245 |a Annual scientific report of the live stock production research (pigs) for the year 1975 
245 |c  ICAR 
260 |b Indian vetinary science research institute 
260 |b Izatnagar 
260 |c 1975 
300 |a 14 Pages 
942 |c RE 
999 |c 8665  |d 8665 
952 |0 0  |1 0  |4 0  |6 636_000000000000000_ICAAN  |7 0  |9 8623  |a COVAS  |b COVAS  |d 0000-00-00  |o 636 ICA/AN  |p R 302   |r 2014-11-26  |w 2014-11-26  |y RE